Se habla español. Module 6, Verbos -ar /

This segment includes a brief review of the verb 'hay' and articles. New verbs and words incorporated to build vocabulary include 'ar' verbs and school subjects. Subject pronouns and conjugating 'ar' verbs are the focus of the grammar section. Includes a cultural note o...

Full description

Bibliographic Details
Other Authors: Wisneski, Bill (Director, Producer)
Format: Video
Language:English
Spanish
Language Notes:In English and Spanish.
Published: San Marcos, CA : Palomar Community College, 2008.
Series:Academic Video Online
Subjects:
Online Access:Connect to this streaming video (Alexander Street Press)

MARC

Tag First Indicator Second Indicator Subfields
LEADER 00000cgm a2200000Mi 4500
001 in00005540134
006 m o c
007 cr |n||||||||a
007 vz |za|z|
008 160201s2008 cau029 e o vleng d
005 20241201225934.6
035 |a (OCoLC)ocn945370247 
040 |a ALSTP  |b eng  |e rda  |e pn  |c ALSTP  |d OCLCF  |d OCLCO  |d OCLCQ  |d OCLCO  |d WYU  |d UPM  |d OCLCO  |d OCLCA  |d OCLCO  |d DXU 
019 |a 1443992464 
035 |a (OCoLC)945370247  |z (OCoLC)1443992464 
041 0 |a eng  |a spa 
049 |a TXAM 
245 0 0 |a Se habla español.  |n Module 6,  |p Verbos -ar /  |c instructors, Carlos Pedroza, Kathleen Sheahan Vargas ; producer & director, Bill Wisneski. 
246 1 0 |a Verbos -ar 
264 1 |a San Marcos, CA :  |b Palomar Community College,  |c 2008. 
300 |a 1 online resource (29 min.) 
306 |a 002830 
336 |a two-dimensional moving image  |b tdi  |2 rdacontent 
337 |a video  |b v  |2 rdamedia 
337 |a computer  |b c  |2 rdamedia 
338 |a other  |b vz  |2 rdacarrier 
338 |a online resource  |b cr  |2 rdacarrier 
347 |a data file  |2 rda 
490 0 |a Academic Video Online 
500 |a Title from resource description page (viewed February 01, 2016). 
520 |a This segment includes a brief review of the verb 'hay' and articles. New verbs and words incorporated to build vocabulary include 'ar' verbs and school subjects. Subject pronouns and conjugating 'ar' verbs are the focus of the grammar section. Includes a cultural note on universities in the Spanish-speaking world. 
546 |a In English and Spanish. 
650 0 |a Spanish language  |x Grammar. 
650 0 |a Spanish language  |x Vocabulary. 
650 6 |a Espagnol (Langue)  |x Grammaire. 
650 6 |a Espagnol (Langue)  |x Vocabulaire. 
650 7 |a Spanish language  |x Grammar.  |2 fast  |0 (OCoLC)fst01128390 
650 7 |a Spanish language  |x Vocabulary.  |2 fast  |0 (OCoLC)fst01128556 
655 7 |a Instructional films.  |2 fast  |0 (OCoLC)fst01726236 
655 7 |a Instructional films.  |2 lcgft 
655 7 |a Films de formation.  |2 rvmgf 
700 1 |a Wisneski, Bill,  |e director,  |e producer. 
700 1 |a Pedroza, Carlos,  |e teacher. 
700 1 |a Sheahan Vargas, Kathleen,  |e teacher. 
710 2 |a Palomar College.  |b Educational Television,  |e production company. 
856 4 0 |u http://proxy.library.tamu.edu/login?url=https://www.aspresolver.com/aspresolver.asp?AVN2;2680576  |z Connect to this streaming video (Alexander Street Press)  |t 0 
955 |a Alexander Street Press subscription streaming video 
994 |a 92  |b TXA 
999 f f |s c795b7be-2943-4cea-87a9-19a3ee7884c0  |i dc3219a4-0af6-4ae3-8b52-82e570b1f110  |t 0 
952 f f |a Texas A&M University  |b College Station  |c Electronic Resources  |d Available Online  |t 0  |h Library of Congress classification 
998 f f |t 0  |l Available Online